000 005030000a22002050004500
003 LK-CoMWRAF
008 230817t ||||| |||| 00| 0 eng d
020 _a1565101790
040 _aLK-CoMWRAF
_dLK-CoMWRAF
_eLK-CoMWRAF
041 _aeng
082 _a340
_bFEM
245 _aFeminism
_bopposing viewpoints
260 _aSan Diego
_bGreenhaven
_c1995
300 _ap.239
490 _aOpposing viewpoints series
500 _abBibliography
650 _aFeminism
650 _aWomen
942 _cBK
999 _c1769
_d1769